| 000 | 00571nam a2200205 a 4500 | ||
|---|---|---|---|
| 005 | 20230421063521.0 | ||
| 008 | 991125s1978 mx 000 0 spa u | ||
| 020 | _a9682700329 | ||
| 035 | _aUPN01000002497 | ||
| 049 | _aCG | ||
| 050 | 4 |
_aPQ2603 R35 _bA5.28 1978 |
|
| 100 | 1 |
_aBreton, André, _d1896-1966 |
|
| 245 | 1 | 3 |
_aEl amor loco / _cAndré Breton ; tr. Agustín Bartra. |
| 250 | _a3a ed. | ||
| 260 |
_aMéxico : _bJ. Mortiz, _c1978. |
||
| 300 |
_a123 p. : _bil. |
||
| 650 | 2 |
_aLiteratura francesa _ySiglo XX _919804 |
|
| 650 | 4 |
_aSURREALISMO _914197 |
|
| 905 | _aLibro | ||
| 999 |
_c2497 _d2497 |
||